Escuela secundaria como formación personal para la vida interior : dignidad, éxito y ciudadanía :un análisis comparativo de significaciones juveniles situadas en condiciones disímiles de vida y escolaridad.

Sparad:
Bibliografiska uppgifter
Huvudupphov: D´Aloisio, Florencia (autor)
Materialtyp: Bok
Ämnen:
Länkar:Ver documento en línea
Taggar: Lägg till en tagg
Inga taggar, Lägg till första taggen!

MARC

LEADER 00000nam^a2200000^u^4500
001 000533978
005 20260512000000.0
008 160129s10001000^^^^cr^^r^^^^^000^0^spa^d
009 20260512123938.257
022 |a 14056666 
035 |a FCE 000078226 
037 |a Acervo ITESO - Biblioteca 
095 |a REVISTA MEXICANA DE INVESTIGACION EDUCATIVA (PDF)  |b 67/2015 
100 |a D´Aloisio, Florencia  |e (autor) 
245 1 0 |a Escuela secundaria como formación personal para la vida interior :  |b dignidad, éxito y ciudadanía :un análisis comparativo de significaciones juveniles situadas en condiciones disímiles de vida y escolaridad. 
264 |a México :  |b Consejo Mexicano de Investigación Educativa,  |c 2015. 
300 |a pp. 1131-1155 
336 |a texto  |b txt  |2 rdacontenido 
337 |a sin mediación  |b n  |2 rdamedio 
338 |a volumen  |b nc  |2 rdasoporte 
649 |a XX 
650 |a Jóvenes 
650 |a Factores socioeconómicos 
650 |a Expectativas 
650 |a Educación secundaria 
650 |a Argentina 
740 |g vol. 20, no. 67, oct.-dic., 2015, pp. 1131-1155.  |t Revista Mexicana de Investigación Educativa, 
856 4 0 |u https://www.comie.org.mx/v1/revista/visualizador.php?articulo=ART67005&criterio=https://www.comie.org.mx/documentos/rmie/v20/n067/pdf/67005.pdf  |y Ver documento en línea 
910 |a Fondo Centro de Estudios Educativos 
920 |a Impresos - Libros 
930 |a Fondos Especiales 
905 |a 133 
902 |a https://opac.biblio.iteso.mx/vufind/Record/000533978